01105nam a2200289Ia 4500003000400000005001700004008004100021020001800062040001800080041000800098082002500106245006500131250001200196260005600208300002400264650005500288650005200343650006100395700002900456700002900485700003700514700003700551906004600588942003500634999001900669952012700688OSt20250117110032.0210427s2010 xx 000 0 und d a9788122405415 cAIMIT LIBRARY aeng a001.072519521bGHOA aStatistics and probability /cEdited by J K Ghosh...[et.al]. a1st ed. aNew Delhi :bNew Age International Pvt Ltd ,c2010. axii,564p. ;bHBcHB aSharp probability bounds for ito processes9193827 aEstimating a sequence from noisy copies9193828 aThe metaplectic representation in the fock model9193829 aGhosh, J K., ed.9193830 aMitra, S K., ed.9193831 aParthasarathy, K R., ed.9193832 aRao, B L S Prakasa., ed.9193833 aSharp probability bounds for it processes 2ddccBKe1stk001.0725195 GHOA c176739d176739 00102ddc40708MCAaAIMITbAIMITd2021-07-04g550.00l0o001.0725195 GHOApMCA16857r2025-07-21 00:00:00w2021-04-27yBK